<?xml version="1.0" encoding="UTF-8"?>
<record
    xmlns:xsi="http://www.w3.org/2001/XMLSchema-instance"
    xsi:schemaLocation="http://www.loc.gov/MARC21/slim http://www.loc.gov/standards/marcxml/schema/MARC21slim.xsd"
    xmlns="http://www.loc.gov/MARC21/slim">

  <leader>05776nam a2200361 a 4500</leader>
  <controlfield tag="003">CHAP</controlfield>
  <controlfield tag="005">20250115121618.0</controlfield>
  <controlfield tag="007">ta</controlfield>
  <controlfield tag="008">241217s2007    mx abdofrm||| 001 0 spa d</controlfield>
  <datafield tag="040" ind1=" " ind2=" ">
    <subfield code="a">mxchpua</subfield>
    <subfield code="c">CHAP</subfield>
  </datafield>
  <datafield tag="041" ind1="0" ind2=" ">
    <subfield code="a">spa</subfield>
    <subfield code="b">eng</subfield>
  </datafield>
  <datafield tag="090" ind1=" " ind2=" ">
    <subfield code="a">Tesis</subfield>
    <subfield code="b">R85</subfield>
    <subfield code="c">2007</subfield>
  </datafield>
  <datafield tag="100" ind1="1" ind2=" ">
    <subfield code="a">Ru&#xED;z S&#xE1;nchez, Xochitl Guadalupe</subfield>
  </datafield>
  <datafield tag="240" ind1="1" ind2="0">
    <subfield code="a">Storage of fruits of ilama (Annona diversifolia Saff.) in a modified atmosphere technology.</subfield>
    <subfield code="l">Espa&#xF1;ol</subfield>
  </datafield>
  <datafield tag="245" ind1="1" ind2="0">
    <subfield code="a">Almcenamiento de frutos de ilama (Annona diversifolia Saff.) en una tecnolog&#xED;a de atm&#xF3;sfera modificada /</subfield>
    <subfield code="c">Xochitl Guadalupe Ru&#xED;z S&#xE1;nchez</subfield>
  </datafield>
  <datafield tag="264" ind1=" " ind2=" ">
    <subfield code="a">Chapingo, M&#xE9;xico :</subfield>
    <subfield code="b">El autor,</subfield>
    <subfield code="c">2007</subfield>
  </datafield>
  <datafield tag="300" ind1=" " ind2=" ">
    <subfield code="a">xv, 66 hojas :</subfield>
    <subfield code="b">ilustraciones, mapas, gr&#xE1;ficas, tablas, fotos</subfield>
  </datafield>
  <datafield tag="336" ind1=" " ind2=" ">
    <subfield code="2">rdacontent</subfield>
    <subfield code="a">texto</subfield>
    <subfield code="b">txt</subfield>
  </datafield>
  <datafield tag="337" ind1=" " ind2=" ">
    <subfield code="2">rdamedia</subfield>
    <subfield code="a">sin medio</subfield>
    <subfield code="b">n</subfield>
  </datafield>
  <datafield tag="338" ind1=" " ind2=" ">
    <subfield code="2">rdacarrier</subfield>
    <subfield code="a">volumen</subfield>
    <subfield code="b">nc</subfield>
  </datafield>
  <datafield tag="502" ind1=" " ind2=" ">
    <subfield code="a">Tesis</subfield>
    <subfield code="b">(Ingeniero Agroindustrial) --</subfield>
    <subfield code="c">UACh. Departamento de Ingenier&#xED;a Agroindustrial,</subfield>
    <subfield code="d">2007</subfield>
  </datafield>
  <datafield tag="504" ind1=" " ind2=" ">
    <subfield code="a">Bibliograf&#xED;a: hojas 61-66</subfield>
  </datafield>
  <datafield tag="520" ind1="3" ind2=" ">
    <subfield code="a">El fruto de ilama (Annona diversifolia Saff.) tiene un potencial alto de comercializaci&#xF3;n, pero esto se limita porque es muy perecedero y se desconoce su respuesta al uso de tecnolog&#xED;as para aumentar la vida &#xFA;til.  El objetivo del trabajo fue evaluar el comportamiento fisiol&#xF3;gico de frutos de ilama en atm&#xF3;sferas modificadas (AM) para proponer par&#xE1;metros de operaci&#xF3;n adecuados.  Se asignaron siete lotes de tres frutos en madurez comestible para manejo en AM en polietileno de baja densidad (PBD) de 33 micras y otros siete lotes para manejo en aire natural (AR), ambos a 20 &#xB0;C. Los lotes se sometieron en forma secuencial, en 9 d&#xED;as, a evaluaci&#xF3;n de firmeza, p&#xE9;rdida de peso, contenido de metabolitos anaerobios y tasa respiratoria. En otra fase se estudi&#xF3; la actividad respiratoria mediante la teor&#xED;a enzim&#xE1;tica de Michaelis-Menten, se analiz&#xF3; la din&#xE1;mica de intercambio de gases y se determinaron los par&#xE1;metros de operaci&#xF3;n adecuada de la AM. La AM permiti&#xF3; reducir 91.15 % la p&#xE9;rdida de peso y conservar la firmeza de la pulpa, respecto al manejo en aire, sin embargo, a partir del segundo d&#xED;a de almacenamiento, el O2 en las bolsas se redujo a menos de 1.0 % y el CO2 se mantuvo entre 5 y 10 %, lo que sugiri&#xF3; barreras a intercambio de gases suficientes para tener humedad relativa alta, pero inadecuado suministro de O2, que caus&#xF3; producci&#xF3;n de metabolitos anaerobios de 6991.6 &#x3BC;mol 100-1 mL-1, aunque los frutos en aire presentaron s&#xED;ntomas parecidos con producci&#xF3;n de 2431.1 &#x3BC;mol 100-1 mL-1. Como la respiraci&#xF3;n no fue distinta entre ambos grupos de frutos, se crey&#xF3; que la condici&#xF3;n anaer&#xF3;bica estaba cerca del punto de compensaci&#xF3;n anaer&#xF3;bica. La actividad respiratoria se ajust&#xF3; bien a un modelo de Michaelis-Menten tipo acompetitivo, con consumo m&#xE1;ximo de O2 de 5.244&#xD7;10-8 kgO2&#xB7;kgfruto&#xB7;s, constante de Michaelis-Menten de 3.503 kPa y constante de inhibici&#xF3;n por CO2 de 5.582 kPa. Un balance de materia mostr&#xF3; que la permeancia a O2 del empaque debe ser mayor o igual a 5.7881&#xD7;10-12 kg&#xB7;m-2&#xB7;s-1&#xB7;Pa-1, para evitar condiciones anaer&#xF3;bicas, lo que podr&#xED;a obtenerse con una pel&#xED;cula de PBD de 15 micras. --</subfield>
  </datafield>
  <datafield tag="520" ind1="3" ind2=" ">
    <subfield code="a">The fruit of ilama (Annona diversifolia Saff.) has a high marketing potential, but this is limited because it is a very perishable fruit and its response to the use of technologies to increase its useful life is unknown. The objective of the study was to evaluate the physiological fruit behavior of ilama in modified atmospheres (MA) to propose parameters of adequate operations. Seven batches of three fruits in edible maturity were assigned for managing in MA in low density polyethylene (LDPE) of 33 &#xB5;m and other seven batches for managing in natural air (NA), both at 20 &#xB0;C. Batches were tested in a sequential form, in 9 days, to firmness evaluation, weight loss, content of anaerobic metabolites and respiratory rate. In another phase, the respiratory activity was studied through the enzymatic theory of Michaelis-Menten, the dynamic of exchange of gases was analyzed, and the parameters of adequate operation of the MA were determined. The MA allowed to reduce 91.15 % the weight loss and preserve the firmness of the flesh, in regard to the managing in air, however, starting from the second storage day, O2 in the bags was reduced less than 1.0 % and the CO2 was maintained between 5 and 10 %, what it suggested barriers to exchange of gases sufficient to have high relative humidity, but inadequate O2 supply, that caused production of anaerobic metabolites of 6991.6  &#xB5;mol 100-1 ml-1, though fruits in air presented similar symptoms with production of 2431.1 &#xB5;mol 100-1 ml-1. As breathing was not different between both groups of fruits, the anaerobic condition was thought to be closer to the anaerobic compensation point. The respiratory activity was well adjusted to a Michaelis-Menten&#x2019;s model not-competitive type, with a maximum consumption of O2 of 5.244 x10-8 kgO2&#xB7;kgfruto&#xB7;s, constant of Michaelis-Menten of 3.503 kPa and constant of inhibition by CO2 of 5.582 kPa. A balance of matter showed that the permeance to O2 of the packing must be greater or equal to 5.7881x10-12 kg&#xB7;m-2&#xB7;s-1&#xB7;Pa-1, to avoid anaerobic conditions, which could be obtained with a low density polyethylene (LDPE) film of 15 &#xB5;m. </subfield>
  </datafield>
  <datafield tag="650" ind1="1" ind2="3">
    <subfield code="a">Frutos  </subfield>
    <subfield code="2">atg</subfield>
    <subfield code="x">Almacenamiento bajo atm&#xF3;sfera controlada</subfield>
  </datafield>
  <datafield tag="650" ind1="1" ind2="3">
    <subfield code="a">Fruits  </subfield>
    <subfield code="2">atg</subfield>
    <subfield code="x">Controlled atmosphere storage</subfield>
  </datafield>
  <datafield tag="700" ind1="1" ind2=" ">
    <subfield code="a">Valle Guadarrama, Salvador</subfield>
    <subfield code="e">director</subfield>
  </datafield>
  <datafield tag="700" ind1="1" ind2=" ">
    <subfield code="a">G&#xF3;mez Cruz, Adalberto</subfield>
    <subfield code="e">asesor</subfield>
  </datafield>
  <datafield tag="700" ind1="1" ind2=" ">
    <subfield code="a">Corrales Garc&#xED;a, Jos&#xE9; Joel Enrique</subfield>
    <subfield code="e">asesor</subfield>
  </datafield>
  <datafield tag="856" ind1="4" ind2="1">
    <subfield code="u">http://10.13.5.2/tesis/105695.pdf</subfield>
    <subfield code="y">DESCARGAR PDF</subfield>
  </datafield>
  <datafield tag="901" ind1=" " ind2=" ">
    <subfield code="a">TESIS R85 2007</subfield>
  </datafield>
  <datafield tag="942" ind1=" " ind2=" ">
    <subfield code="2">Clasificaci&#xF3;n Universidad Aut&#xF3;noma Chapingo</subfield>
    <subfield code="c">Tesis</subfield>
  </datafield>
  <datafield tag="999" ind1=" " ind2=" ">
    <subfield code="c">220315</subfield>
    <subfield code="d">220315</subfield>
  </datafield>
  <datafield tag="952" ind1=" " ind2=" ">
    <subfield code="0">0</subfield>
    <subfield code="1">0</subfield>
    <subfield code="2">local</subfield>
    <subfield code="4">0</subfield>
    <subfield code="5">1</subfield>
    <subfield code="7">0</subfield>
    <subfield code="8">TESIS</subfield>
    <subfield code="a">IA_</subfield>
    <subfield code="b">IA_</subfield>
    <subfield code="d">2024-12-17</subfield>
    <subfield code="e">El autor</subfield>
    <subfield code="l">0</subfield>
    <subfield code="o">Tesis R85 2007</subfield>
    <subfield code="p">1101015120</subfield>
    <subfield code="r">2026-02-02 00:00:00</subfield>
    <subfield code="t">Ej. 1</subfield>
    <subfield code="w">2024-12-17</subfield>
    <subfield code="y">TESIS</subfield>
  </datafield>
  <datafield tag="952" ind1=" " ind2=" ">
    <subfield code="0">0</subfield>
    <subfield code="1">0</subfield>
    <subfield code="2">local</subfield>
    <subfield code="4">0</subfield>
    <subfield code="5">5</subfield>
    <subfield code="7">0</subfield>
    <subfield code="8">TESIS</subfield>
    <subfield code="a">IA_</subfield>
    <subfield code="b">IA_</subfield>
    <subfield code="d">2024-12-17</subfield>
    <subfield code="e">El autor</subfield>
    <subfield code="l">0</subfield>
    <subfield code="o">Tesis R85 2007</subfield>
    <subfield code="p">1101015121</subfield>
    <subfield code="r">2026-02-02 00:00:00</subfield>
    <subfield code="t">Ej. 2</subfield>
    <subfield code="w">2024-12-17</subfield>
    <subfield code="y">TESIS</subfield>
  </datafield>
  <datafield tag="952" ind1=" " ind2=" ">
    <subfield code="0">0</subfield>
    <subfield code="1">0</subfield>
    <subfield code="2">local</subfield>
    <subfield code="4">0</subfield>
    <subfield code="7">0</subfield>
    <subfield code="8">TesDigL</subfield>
    <subfield code="a">IA_</subfield>
    <subfield code="b">IA_</subfield>
    <subfield code="c">E_L</subfield>
    <subfield code="d">2024-12-17</subfield>
    <subfield code="e">El autor</subfield>
    <subfield code="l">0</subfield>
    <subfield code="p">1201015120</subfield>
    <subfield code="r">2024-12-17 09:46:32</subfield>
    <subfield code="w">2024-12-17</subfield>
    <subfield code="y">TD</subfield>
  </datafield>
</record>
